Петр Великий. Посвящается А. С. Пушкину: поэма

Detaylı Bibliyografya
Yazar: Ганженко И. Игорь
Özet:Для написания поэмы использованы материалы «Истории Петра Великого», собранные Пушкиным в одноименном произведении, но неиспользованные из-за его гибели.Для уточнения привлекались отдельные данные некоторых других источников: «Всемирной истории», Костомарова Н. И., Вольтера.Все события изложены в строгой хронологии, а личности их участников соответствуют истории.В примечаниях - алфавитный порядок.
Dil:Rusça
Baskı/Yayın Bilgisi: Новокузнецк, [Б. и.], 2015
Konular:
Materyal Türü: MixedMaterials Kitap
KOHA link:https://koha.lib.tpu.ru/cgi-bin/koha/opac-detail.pl?biblionumber=303579

MARC

LEADER 00000nam0a2200000 4500
001 303579
005 20240914063126.0
010 |a 9785917971902 
035 |a (RuTPU)RU\TPU\book\328802 
090 |a 303579 
100 |a 20150903d2015 m y0rusy50 ca 
101 0 |a rus 
102 |a RU 
105 |a y z 000ab 
200 1 |a Петр Великий. Посвящается А. С. Пушкину  |e поэма  |f И. Ганженко 
210 |a Новокузнецк  |c [Б. и.]  |d 2015 
215 |a 75 с. 
330 |a Для написания поэмы использованы материалы «Истории Петра Великого», собранные Пушкиным в одноименном произведении, но неиспользованные из-за его гибели.Для уточнения привлекались отдельные данные некоторых других источников: «Всемирной истории», Костомарова Н. И., Вольтера.Все события изложены в строгой хронологии, а личности их участников соответствуют истории.В примечаниях - алфавитный порядок. 
600 1 |a Пушкин  |b А. С.  |c российский поэт  |c писатель  |f 1799-1837  |g Александр Сергеевич  |7 ca  |8 rus  |2 stltpush  |3 (RuTPU)RU\TPU\pers\1026  |9 453 
600 0 |a Петр Великий  |d I  |f 1672-1725  |c российский царь из династии Романовых (1682-1725)  |c первый российский император  |2 stltpush  |3 (RuTPU)RU\TPU\pers\365 
606 1 |a Русская литература современная  |2 stltpush  |3 (RuTPU)RU\TPU\subj\26373  |9 50316 
610 1 |a поэмы 
610 1 |a поэзия 
610 1 |a поэтические произведения 
675 |a Р2  |v 3 
700 1 |a Ганженко  |b И.  |g Игорь 
801 1 |a RU  |b 63413507  |c 20150903 
801 2 |a RU  |b 63413507  |c 20150915  |g RCR 
942 |c BK